Príspevok na bývanie po 1. júli 2001

Informácie o podmienkach a možnostiach získania príspevku na bývanie pre sociálne slabších občanov. Vysvetlenie výpočtu príjmovej hranice, ktorá umožňuje nárokovať si príspevok. Právna úprava platná od 1. júla 2001.

Salvato in:
Dettagli Bibliografici
Autore principale: Kontšeková, Zuzana
Natura: Capitolo di libro
Lingua:slovacco
Soggetti:
Tags: Aggiungi Tag
Nessun Tag, puoi essere il primo ad aggiungerne!!

MARC

LEADER 00000naa a2200000 4500
001 r043298
005 20230919092944.5
041 0 |a slo 
044 |a SK 
245 1 0 |a Príspevok na bývanie po 1. júli 2001  |c Zuzana Kontšeková 
520 |a Informácie o podmienkach a možnostiach získania príspevku na bývanie pre sociálne slabších občanov. Vysvetlenie výpočtu príjmovej hranice, ktorá umožňuje nárokovať si príspevok. Právna úprava platná od 1. júla 2001. 
610 2 0 |a dávky sociálne 
610 2 0 |a príspevky sociálne 
610 2 0 |a bývanie 
610 2 0 |a pomoc sociálna 
610 2 0 |a úpravy právne 
610 2 0 |a júl 
610 2 0 |a 2001 
100 1 |a Kontšeková, Zuzana